Classical electrodynamics / (Record no. 29430)
[ view plain ]
| 000 -LEADER | |
|---|---|
| fixed length control field | 00395 a2200157 4500 |
| 003 - CONTROL NUMBER IDENTIFIER | |
| control field | NUST |
| 005 - DATE AND TIME OF LATEST TRANSACTION | |
| control field | 20180118141413.0 |
| 008 - FIXED-LENGTH DATA ELEMENTS--GENERAL INFORMATION | |
| fixed length control field | 180118b xxu||||| |||| 00| 0 eng d |
| 020 ## - INTERNATIONAL STANDARD BOOK NUMBER | |
| International Standard Book Number | 8131800792 |
| 020 ## - INTERNATIONAL STANDARD BOOK NUMBER | |
| International Standard Book Number | 9788131800799 |
| 082 ## - DEWEY DECIMAL CLASSIFICATION NUMBER | |
| Classification number | 537.6 |
| 100 1# - MAIN ENTRY--PERSONAL NAME | |
| Personal name | Ohanian, Hans C |
| 9 (RLIN) | 8810 |
| 245 10 - TITLE STATEMENT | |
| Title | Classical electrodynamics / |
| Statement of responsibility, etc. | Hans C. Ohanian. |
| 260 ## - PUBLICATION, DISTRIBUTION, ETC. | |
| Place of publication, distribution, etc. | [S.l.] : |
| Name of publisher, distributor, etc. | Laxmi Publications, |
| Date of publication, distribution, etc. | 2007 |
| 300 ## - PHYSICAL DESCRIPTION | |
| Extent | 620 p. |
| 700 ## - ADDED ENTRY--PERSONAL NAME | |
| Personal name | Ohanian, Hans C |
| 9 (RLIN) | 8810 |
| 942 ## - ADDED ENTRY ELEMENTS (KOHA) | |
| Institution code [OBSOLETE] | SNS |
| Koha item type | Book |
| Call number prefix | 537.6 OHA |
| Source of classification or shelving scheme | |
| Withdrawn status | Lost status | Damaged status | Not for loan | Permanent Location | Current Location | Date acquired | Total Checkouts | Full call number | Barcode | Date last seen | Price effective from | Koha item type |
|---|---|---|---|---|---|---|---|---|---|---|---|---|
| School of Natural Sciences (SNS) | School of Natural Sciences (SNS) | 05/26/2016 | 537.6 OHA | SNS0000975 | 05/26/2016 | 05/26/2016 | Book |
